| 000 | 00411cam a22001458i 4500 | ||
|---|---|---|---|
| 005 | 20250620132243.0 | ||
| 008 | 230123s2023 mdu b 001 0deng | ||
| 020 | _a9781666916331 | ||
| 040 | _cSDCL | ||
| 084 | _aO-,3 R3 | ||
| 100 | 1 |
_aArango, Gustavo _9809608 |
|
| 245 | 1 | 0 |
_aPerspectives on the life and works of Gabriel García Márquez : _bCaribbean troubadour |
| 300 | _axxv,193p. | ||
| 942 |
_2CC _cTEXL |
||
| 999 |
_c1429607 _d1429607 |
||